Zákon o bankách

Salvato in:
Dettagli Bibliografici
Natura: Libro
Lingua:slovacco
inglese
Pubblicazione: Bratislava Národná banka Slovenska 1996
Edizione:1. vyd.
Soggetti:
Tags: Aggiungi Tag
Nessun Tag, puoi essere il primo ad aggiungerne!!

MARC

LEADER 00000nam a2200000 4500
001 c016082
005 20221214072428.6
041 0 |a slo 
041 0 |a eng 
044 |a SK 
245 1 0 |a Zákon o bankách 
250 |a 1. vyd. 
264 1 |a Bratislava  |b Národná banka Slovenska  |c 1996 
300 |a 95 s. 
610 2 0 |a banky 
610 2 0 |a ČSFR 
610 2 0 |a Slovensko 
610 2 0 |a 1991 
610 2 0 |a 1992 
610 2 0 |a 1994 
610 2 0 |a 1995 
610 2 0 |a 1996